000 01163 a2200217 4500
001 37835
005 20260407155645.0
008 260407a1996 arg spa d
003 AR-UNSa-BCEJYS
040 _aAR-UNSa-BCEJYS
_bspa
_cAR-UNSa-BCEJYS
080 _a341.24
_xActos jurídicos internacionales. Acuerdos internacionales. Tratados internacionales
245 1 0 _aCódigo del Mercosur
_pTratado, Protocolos, Acuerdos, Declaraciones, Decisiones, Resoluciones, Directivas, Recomendaciones
020 _a950-9385-41-7
264 1 _aBuenos Aires :
_bEdiciones Ciudad Argentina
_c1996
300 _a934 p.
_c24 cm.
505 _a1. ¿Qué es el Mercosur? - 2. ¿Por qué es el Mercosur un sistema? - 3. ¿De donde viene el Mercosur? - 4. ¿En que situación se encuentra el Mercosur? - 5. ¿Hacia donde va el Mercosur? - 6. ¿Por qué su normativa compone un código? - 7. ¿Cuál es el alcance del Código del Mercosur como ordenamiento jurídico? - 8. ¿Cuál es la estructura análitica del ordenamiento jurídico del Mercosur? - 9.Normativa
041 _aspa
942 _cBK
590 _aniveau_biblio:m niveau_hierar:0
100 1 _aDromi, José Roberto
999 _c2813
_d2813